00401 2200157 4500001002100000005001500021035002000036245005600056100002800112300001200140260003500152082000800187084001400195020002200209990001200231INLIS00000000000165720250429090338 a0010-04250000731 aJangan Sirri-kan Nikahmu /cTaufiqurrahman Al Azizy0 aTaufiqurrahman Al Azizy a150 hlm aJakarta :bHimmah Media,c2010 a200 a200 TAU j a978-979-18469-2-9 a0754681